00285nam a2200121Ia 45000030006000000080041000060400015000471000020000622450034000822600018001165460012001340050017001460STCL150530s9999 xx 000 0 und d aSTCLcSTCL aRohit Manchanda aIn the light of the black sun bPenguinc1996 aEnglish20220125170638.0